00700nam a2200193 a 450000100100000000500170001000800410002704000250006808200130009310000370010624500460014326000390018930000200022849000250024850000730027383000320034695201110037899900170048900004250220201002040209.0131205s1970 sp 000 0 spa d aDO-SdBNPbspacBNPHU axxxbxxx1 aAmo, Álvaro del,d1942-92139710aCine y Critica de Cine /cAlvaro del Amo. aMadrid :bTaurus Ediciones,c1970. a90 p. ;c19 cm.1 aCuadernos taurusv96 aIncluye referencias bibliográficas y notas al pie de las páginas 0aCuadernos taurusn96969701 001050718MOaGRbGRcCTd2013-12-05iLF1l0oxxx xxxp42502-10r2020-06-25w2020-06-25y1ZNo se presta c41991d41991